Slepičí polévka pro duši : o zkušenosti stáří : příběhy k zamyšlení, zasmání i poučení /

Krátké příběhy k inspiraci i pobavení o zkušenostech vyššího věku.

Hlavní autor: Canfield, Jack, 1944-
Další autoři: Hansen, Mark Victor, 1947-, Newmark, Amy, Bartoňová, Bronislava
Jazyk: Čeština
Vydáno: Praha : Práh, 2019
Vydání: Vydání první
Témata:
Fyzický popis: 390 stran ; 21 cm
Knihy
Uloženo v:
LEADER 02360nam a2200577 i 4500
001 nkc20193148505
003 CZ PrNK
005 20191206082951.0
007 ta
008 191016s2019 xr g 000 j cze
015 |a cnb003148505 
020 |a 978-80-7252-832-5  |q (brožováno) :  |c Kč 299,00 
035 |a (OCoLC)1135568240 
040 |a ABG001  |b cze  |e rda 
041 1 |a cze  |h eng 
072 7 |a 821.111(73)-3  |x Americká próza  |2 Konspekt  |9 25 
080 |a 821.111(73)-32  |2 MRF 
080 |a 159.923.5  |2 MRF 
080 |a 17.02  |2 MRF 
080 |a 159.922.63  |2 MRF 
080 |a (0:82-32)  |2 MRF 
100 1 |a Canfield, Jack,  |d 1944-  |7 jn20000601120  |4 aut 
240 1 0 |a Chicken soup for the soul.  |l Česky 
245 1 0 |a Slepičí polévka pro duši :  |b o zkušenosti stáří : příběhy k zamyšlení, zasmání i poučení /  |c Jack Canfield, Mark Victor Hansen a Amy Newmarková ; z anglického originálu přeložila Bronislava Bartoňová 
246 3 0 |a O zkušenosti stáří 
250 |a Vydání první 
264 1 |a Praha :  |b Práh,  |c 2019 
300 |a 390 stran ;  |c 21 cm 
336 |a text  |b txt  |2 rdacontent 
337 |a bez média  |b n  |2 rdamedia 
338 |a svazek  |b nc  |2 rdacarrier 
520 2 |a Krátké příběhy k inspiraci i pobavení o zkušenostech vyššího věku.  |b 101 minipříběhů, vybraných z předchozích Slepičích polévek, je tentokrát o tom, že i ve stáří může člověk vydolovat ze života potěšení, naději či nové začátky. Vyprávění veskrze pozitivní. 
650 0 7 |a pozitivní myšlení  |7 ph124475  |2 czenas 
650 0 7 |a sebevýchova  |7 ph125456  |2 czenas 
650 0 7 |a životní harmonie  |7 ph138147  |2 czenas 
650 0 7 |a stáří  |7 ph126204  |2 czenas 
650 0 9 |a positive thinking  |2 eczenas 
650 0 9 |a self-culture  |2 eczenas 
650 0 9 |a harmony of life  |2 eczenas 
650 0 9 |a old age  |2 eczenas 
655 7 |a americké příběhy  |7 fd131795  |2 czenas 
655 9 |a American stories  |2 eczenas 
700 1 |a Hansen, Mark Victor,  |d 1947-  |7 jn20001005307  |4 aut 
700 1 |a Newmark, Amy  |7 xx0127662  |4 aut 
700 1 |a Bartoňová, Bronislava  |7 xx0069183  |4 trl 
910 2 |a BOA001  |b 2-1438.317 
920 |a 4502693  |z ABG001 
990 |a BK 
995 |a 01 
991 |b 201911  |c NOV 
996 6 |b 2610805179  |c 2-1438.317  |l MZK  |r Sklad / do 1 hodiny  |n 0  |p p.v.  |w 001766689  |u 000010  |a 1  |e BOA001  |j MZK50  |s P